Meditazioni Trumpet In Classic (Record n. 103279)
[ formato base ]
| 000 -LEADER | |
|---|---|
| fixed length control field | 01716njm a2200385Ia 4500 |
| 001 - CONTROL NUMBER | |
| control field | 26378 |
| 003 - CONTROL NUMBER IDENTIFIER | |
| control field | IT-RoPAU |
| 005 - DATE AND TIME OF LATEST TRANSACTION | |
| control field | 20220918181204.0 |
| 008 - FIXED-LENGTH DATA ELEMENTS--GENERAL INFORMATION | |
| fixed length control field | 131025s9999 xx 000 0 und d |
| 040 ## - CATALOGING SOURCE | |
| Original cataloging agency | IT-RoPAU |
| 040 ## - CATALOGING SOURCE | |
| Transcribing agency | IT-RoPAU |
| 999 ## - SYSTEM CONTROL NUMBERS (KOHA) | |
| Koha Dewey Subclass [OBSOLETE] | n.d. |
| 100 ## - MAIN ENTRY--PERSONAL NAME | |
| Personal name | AA.VV. |
| 9 (RLIN) | 794 |
| 100 ## - MAIN ENTRY--PERSONAL NAME | |
| Relator term | Autore musica |
| 9 (RLIN) | 15738 |
| 100 ## - MAIN ENTRY--PERSONAL NAME | |
| Miscellaneous information | Codice autore musica SPICS: 12000 |
| 9 (RLIN) | 796 |
| 245 ## - TITLE STATEMENT | |
| Title | Meditazioni Trumpet In Classic |
| 250 ## - EDITION STATEMENT | |
| Edition statement | 2a ed. |
| 260 ## - PUBLICATION, DISTRIBUTION, ETC. (IMPRINT) | |
| Place of publication, distribution, etc. | MILANO |
| 260 ## - PUBLICATION, DISTRIBUTION, ETC. (IMPRINT) | |
| Name of publisher, distributor, etc. | RECORD BAZAAR |
| Date of publication, distribution, etc. | 1978 [1a Ed.:1977] |
| 300 ## - PHYSICAL DESCRIPTION | |
| Extent | DISCO |
| 300 ## - PHYSICAL DESCRIPTION | |
| Dimensions | 40 minuti (Testo: pag.) |
| 500 ## - GENERAL NOTE | |
| General note | Musica classica, strumentale. Arrangiamento |
| 505 ## - FORMATTED CONTENTS NOTE | |
| Formatted contents note | Adagio veneziano (6:00) - Meditazione (3:00) - Adagio in sol minore (5:00) - Serenata (7:00) - Notturno in mi b op n 2 (8:00) - Il concerto di Aranjuez (6:00) |
| 511 ## - PARTICIPANT OR PERFORMER NOTE | |
| Participant or performer note | Direttore d'orchestra:Deodato Eumir |
| 511 ## - PARTICIPANT OR PERFORMER NOTE | |
| Participant or performer note | Tromba solista: Fanny Sergio |
| 650 ## - SUBJECT ADDED ENTRY--TOPICAL TERM | |
| Topical term or geographic name as entry element | STRUMENTALE [DISCHI] |
| Relator term | Codice MATERIA SPICS: 9950 |
| 9 (RLIN) | 828 |
| 700 ## - ADDED ENTRY--PERSONAL NAME | |
| Personal name | Deoadato Eumir |
| Relator term | Autore |
| Miscellaneous information | Codice autore SPICS: 8003 |
| 9 (RLIN) | 15739 |
| 700 ## - ADDED ENTRY--PERSONAL NAME | |
| Personal name | Marcello Benedetto |
| Relator term | Autore musica |
| Miscellaneous information | Codice autore musica SPICS: 8256 |
| Name of part/section of a work | Adagio veneziano |
| 9 (RLIN) | 4723 |
| 700 ## - ADDED ENTRY--PERSONAL NAME | |
| Personal name | Massenet Jules |
| Relator term | Autore musica |
| Miscellaneous information | Codice autore musica SPICS: 4044 |
| Name of part/section of a work | Meditazione |
| 9 (RLIN) | 15740 |
| 700 ## - ADDED ENTRY--PERSONAL NAME | |
| Personal name | Albinoni Tomaso |
| Relator term | Autore musica |
| Miscellaneous information | Codice autore musica SPICS: 7834 |
| Name of part/section of a work | Adagio in sol minore |
| 9 (RLIN) | 15741 |
| 700 ## - ADDED ENTRY--PERSONAL NAME | |
| Personal name | Schubert Franz |
| Relator term | Autore musica |
| Miscellaneous information | Codice autore musica SPICS: 10690 |
| Name of part/section of a work | Serenata |
| 9 (RLIN) | 15742 |
| 700 ## - ADDED ENTRY--PERSONAL NAME | |
| Personal name | Chopin Fryderyk |
| Relator term | Autore musica |
| Miscellaneous information | Codice autore musica SPICS: 8056 |
| Name of part/section of a work | Notturno in mi b op n 2 |
| 9 (RLIN) | 15743 |
| 700 ## - ADDED ENTRY--PERSONAL NAME | |
| Personal name | Rodrigo Joaquin |
| Relator term | Autore musica |
| Miscellaneous information | Codice autore musica SPICS: 8167 |
| Name of part/section of a work | Il concerto di Aranjuez |
| 9 (RLIN) | 15744 |
| 942 ## - ADDED ENTRY ELEMENTS (KOHA) | |
| Koha item type | DISCHI |
| Source of classification or shelving scheme | Dewey Decimal Classification |
| Withdrawn status | Lost status | Damaged status | Not for loan | Home library | Current library | Date acquired | Total Checkouts | Full call number | Date last seen | Price effective from | Koha item type | Public note |
|---|---|---|---|---|---|---|---|---|---|---|---|---|
| Buone Condizioni | Not For Loan | SPICS-MEDIATECA | SPICS-MEDIATECA | 25/10/2013 | 26378 | 25/10/2013 | 25/10/2013 | DISCHI | Progr. Ins.: 6001 / N.Vol.: 1 / Copie: 1 - Copia rara: n.d. / date import: 01.01.2014 - By Epidotti, Trombetti, Vaglietti |